00335 2200157 4500001002100000005001500021035002000036245003500056100001800091250000600109300001100115260001700126082000800143084001400151990001200165INLIS00000000000251120250604113557 a0010-06250000971 aDongeng Cinta /cKahlil Gibran0 aKahlil Gibran a1 a82 hlm bDiwan,c1993 a800 a800 KAH d a0712311